Nguyễn Thông con người và tác phẩm
Nghiên cứu giới thiệu con người và tác phẩm thơ văn Nguyễn Thông. Bối cảnh xã hội và thân thế Nguyễn Thông (1827-1884). Những đóng góp của ông về kinh tế và lịch sử. Tư tưởng Nguyễn Thông: tuyển tập một số tác phẩm của ông
保存先:
| その他の著者: | , |
|---|---|
| フォーマット: | 図書 |
| 言語: | Vietnamese |
| 出版事項: |
Tp. Hồ Chí Minh
Nxb. Tp. Hồ Chí Minh
1984
|
| 主題: | |
| タグ: |
タグ追加
タグなし, このレコードへの初めてのタグを付けませんか!
|
| Thư viện lưu trữ: | Mạng thư viện Đại học Đà Nẵng |
|---|
| LEADER | 01495nam a2200373 4500 | ||
|---|---|---|---|
| 001 | 000003990 | ||
| 003 | 118 | ||
| 005 | 20121211001234.0 | ||
| 008 | 110713s1984 viesd | ||
| 020 | |c 29500đ | ||
| 041 | 0 | |a vie | |
| 082 | |a 895.9221 |b NG-T | ||
| 245 | 0 | |a Nguyễn Thông con người và tác phẩm |c Ca Văn Thỉnh, Bảo Định Giang b.s. ; Nguyễn Thông | |
| 260 | |a Tp. Hồ Chí Minh |b Nxb. Tp. Hồ Chí Minh |c 1984 | ||
| 300 | |a 327tr |c 19cm | ||
| 520 | |a Nghiên cứu giới thiệu con người và tác phẩm thơ văn Nguyễn Thông. Bối cảnh xã hội và thân thế Nguyễn Thông (1827-1884). Những đóng góp của ông về kinh tế và lịch sử. Tư tưởng Nguyễn Thông: tuyển tập một số tác phẩm của ông | ||
| 653 | |a nghiên cứu văn học | ||
| 653 | |a Nguyễn Thông | ||
| 653 | |a tiểu sử | ||
| 653 | |a thơ văn | ||
| 653 | |a con người | ||
| 700 | |a Bảo Định Giang | ||
| 700 | |a Nguyễn Thông | ||
| 910 | |a ĐTCƯỜNG |d 13/07/2011 | ||
| OWN | |a LSP | ||
| AVA | |a UDN50 |b LSP |d 895.9221 NG-T |e available |t Error 5001 Not defined in file expand_doc_bib_avail. |f 5 |g 3 |h N |i 0 |k 1 | ||
| 999 | |a From the UDN01 | ||
| AVA | |a UDN50 |b LSP |d 895.9221 NG-T |e available |t Error 5001 Not defined in file expand_doc_bib_avail. |f 5 |g 3 |h N |i 0 |k 1 | ||
| TYP | |a Monograph | ||
| TYP | |a Printed language | ||
| 980 | |a Mạng thư viện Đại học Đà Nẵng | ||